• 首页
  • 本馆介绍
  • 公告通知
  • 最新文献
  • 馆藏检索
  • 电子资源
  • 读者导购
  • 参考咨询
  • 我的图书馆
  • 登录
  • 详细信息显示
  • 放入我的书架
  • 预约/预借图书
  • 作者相关作品
  • 分类相关作品
  • 丛书相关作品
  • 出版社相关作品

书目信息

  • 表格格式
  • 工作单格式
  • 卡片格式
题名:
大学物理
    
 
作者: 周雨青 编著
分册:  
出版信息: 南京   东南大学出版社  2019
页数: 265页
开本: 26cm
丛书名:
单 册:
中图分类: O4-43
科图分类:
主题词: 物理学--Wu Li Xue--高等学校--教材
电子资源:
ISBN: 978-7-5641-8127-7
000 00898nam0 2200265 450
001 012001004166
005 20131122141839.0
010    @a978-7-5641-8127-7@dCNY40.00
099    @aCAL 012019054771
100    @a20190426d2019 em y0chiy50 ea
101 0  @achi
102    @aCN@b320000
105    @aak a 000yy
106    @ar
200 1  @a大学物理@ADa Xue Wu Li@e核心知识@f周雨青 ... [等] 编著
210    @a南京@c东南大学出版社@d2019
215    @a265页@c图@d26cm
320    @a有书目 (第265页)
330    @a本书将课堂教学内容分解为76条知识点(66条核心内容、10条扩展内容),涵盖了力学、振动与波、热学、电磁学、波动光学、狭义相对论基础、量子物理基础的内容。
333    @a“十三五”江苏省高等学校重点教材
606 0  @a物理学@AWu Li Xue@x高等学校@j教材
690    @aO4-43@v5
701  0 @a周雨青@AZhou Yu Qing@4编著
801  0 @aCN@b上海新华@c20191020
905    @b1212538-40@dO4-43@e1077@f3
    
    大学物理:核心知识/周雨青 ... [等] 编著.-南京:东南大学出版社,2019
    265页:图;26cm
    使用对象:“十三五”江苏省高等学校重点教材
    
    ISBN 978-7-5641-8127-7:CNY40.00
    本书将课堂教学内容分解为76条知识点(66条核心内容、10条扩展内容),涵盖了力学、振动与波、热学、电磁学、波动光学、狭义相对论基础、量子物理基础的内容。
●
相关链接 在E读中查询图书 在五车中查询图书 在当当中查询图书 在豆瓣中查询图书


正题名:大学物理     索取号:O4-43/1077         预约/预借

序号 登录号 条形码 馆藏地/架位号 状态 备注
1 1212538   212125387   第二样本阅览室/ [索取号:O4-43/1077] 在馆    
2 1212539   212125396   第三借阅区/ [索取号:O4-43/1077] 在馆    
3 1212540   212125403   第三借阅区/ [索取号:O4-43/1077] 在馆    
唐山师范学院图书馆 欢迎您!
大连网信软件有限公司© 版权所有